000 00351nam a22001577a 4500
003 SGT
020 _a978-93-5152-380-2
082 _a616.01
_bE16K
100 _aKUMAR SURINDER
245 _aESSENTIALS OF MICROBIOLOGY
250 _a1ST
260 _aINDIA
_bJAYPEE PUB
_c2016
300 _a627
650 _aMICROBIOLOGY
942 _2ddc
_cBK
_035
999 _c18791
_d18791